[Event "4NCL/Div1/WGR2 vs. GUI1"]
[Site "Telford ENG"]
[Date "2003.03.09"]
[Round "6.5"]
[White "Sowray, Peter J"]
[Black "Matros, Alexander"]
[Result "1/2-1/2"]
[WhiteElo "2323"]
[BlackElo "2452"]
[PlyCount "126"]
[EventDate "2003.03.09"]

1. d4 d5 2. c4 e6 3. Nf3 Nf6 4. Nc3 Bb4 5. e3 O-O 6. Bd3 dxc4 7. Bxc4 c5 8. O-O
Nc6 9. a3 Bxc3 10. bxc3 Qc7 11. Qc2 e5 12. h3 cxd4 13. cxd4 exd4 14. exd4 Na5
15. Bd3 Qxc2 16. Bxc2 Be6 17. Bg5 Rac8 18. Bd3 Nd5 19. Rac1 Nb3 20. Rc2 b6 21.
Re1 h6 22. Be3 Rxc2 23. Bxc2 Na5 24. Bd3 Nxe3 25. fxe3 Rc8 26. Bb5 Rc3 27. a4
Bc4 28. e4 a6 29. Bd7 Kf8 30. e5 Ke7 31. e6 fxe6 32. Bxe6 Kd6 33. Nd2 Rc2 34.
Nxc4+ Nxc4 35. Bg8 Kd7 36. Re6 Rd2 37. Rg6 Rxd4 38. Rxg7+ Kc6 39. Rh7 Nd6 40.
a5 bxa5 41. Rxh6 a4 42. Re6 Re4 43. Rf6 Re8 44. Ba2 Re2 45. Bc4 Rb2 46. Bxa6 a3
47. Bc4 Kc5 48. Bg8 a2 49. Bxa2 Rxa2 50. Rf2 Ra1+ 51. Rf1 Ra4 52. Rd1 Ra2 53.
Kh2 Nf5 54. Rd3 Nh4 55. Rg3 Kd5 56. Rg5+ Ke6 57. Rg4 Nf3+ 58. Kg3 Ne5 59. Rg8
Ra3+ 60. Kh2 Kf5 61. Rf8+ Ke4 62. Re8 Kf5 63. Rf8+ Ke4 1/2-1/2

[Event "4NCL/Div1/WGR2 vs. GUI1"]
[Site "Telford ENG"]
[Date "2003.03.09"]
[Round "6.6"]
[White "Baker, Christopher W"]
[Black "Tiller, Bjorn"]
[Result "1-0"]
[WhiteElo "2359"]
[BlackElo "2380"]
[PlyCount "97"]
[EventDate "2003.03.09"]

1. e4 e6 2. Nf3 d5 3. Nc3 Nf6 4. e5 Nfd7 5. d4 c5 6. dxc5 Nc6 7. Bf4 Bxc5 8.
Bd3 f6 9. exf6 Nxf6 10. O-O O-O 11. Ne5 Bd7 12. Qe2 Qe7 13. Rae1 Rae8 14. Bg5
a6 15. Ng4 Kh8 16. Bxh7 Kxh7 17. Nxd5 exd5 18. Qd3+ Kg8 19. Rxe7 Nxe7 20. Nxf6+
gxf6 21. Bh6 Rf7 22. Re1 Bf5 23. Qb3 b6 24. Qa4 Ra8 25. c3 Be4 26. Bf4 Ng6 27.
Rxe4 dxe4 28. Qxe4 Nxf4 29. Qxa8+ Kg7 30. b4 Re7 31. Kf1 Nd3 32. g3 Bxf2 33.
Qxa6 Re1+ 34. Kg2 Rd1 35. Qb7+ Kg8 36. Qc8+ Kf7 37. Qd7+ Kf8 38. Qe6 Rd2 39.
Qxf6+ Ke8 40. Kh3 Bg1 41. Kg4 Nf2+ 42. Kf5 Rd5+ 43. Kg6 Kd7 44. Kf7 Rd6 45.
Qe7+ Kc6 46. b5+ Kc5 47. Qc7+ Kd5 48. c4+ Ke5 49. Qe7+ 1-0

[Event "4NCL/Div1/WGR2 vs. GUI1"]
[Site "Telford ENG"]
[Date "2003.03.09"]
[Round "6.7"]
[White "Tan, Desmond"]
[Black "Povah, Nigel E"]
[Result "1-0"]
[WhiteElo "2307"]
[BlackElo "2360"]
[PlyCount "65"]
[EventDate "2003.03.09"]

1. e4 d5 2. exd5 Nf6 3. Nf3 Qxd5 4. Nc3 Qa5 5. d4 c6 6. Bc4 Bf5 7. Bd2 e6 8.
Ne4 Qc7 9. Ng3 Bg6 10. h4 Ne4 11. Nxe4 Bxe4 12. Qe2 Bd5 13. Bd3 Nd7 14. O-O
Bxf3 15. Qxf3 Be7 16. g3 Nf6 17. c4 h5 18. Rfe1 O-O-O 19. Bc3 Rd7 20. Bf1 Ng4
21. Bh3 Rh6 22. d5 Bc5 23. dxe6 fxe6 24. Bxg4 hxg4 25. Qxg4 Qb6 26. Rxe6 Bxf2+
27. Kg2 Rxe6 28. Qxe6 Qe3 29. Qxe3 Bxe3 30. Re1 Bh6 31. g4 Bf4 32. Re8+ Kc7 33.
Rg8 1-0

[Event "4NCL/Div1/WGR2 vs. GUI1"]
[Site "Telford ENG"]
[Date "2003.03.09"]
[Round "6.8"]
[White "Lang, Heather"]
[Black "Jackson, Sheila"]
[Result "1/2-1/2"]
[WhiteElo "2069"]
[BlackElo "2173"]
[PlyCount "55"]
[EventDate "2003.03.09"]

1. e4 e5 2. Nf3 Nc6 3. Bb5 a6 4. Ba4 Nf6 5. d4 exd4 6. O-O Be7 7. e5 Ne4 8.
Nxd4 Nxd4 9. Qxd4 Nc5 10. Nc3 O-O 11. Bg5 Nxa4 12. Bxe7 Qxe7 13. Nxa4 Rd8 14.
Rfe1 b6 15. Rad1 Bb7 16. Re3 Qe6 17. Nc3 Bc6 {(=)} 18. Ne2 Re8 19. Ng3 Qg6 20.
Rde1 Re6 21. c4 Rae8 22. f4 f5 23. Qd3 Rf8 24. Qe2 a5 25. Nf1 d6 26. exd6 Rxe3
27. Nxe3 Qxd6 28. Qf2 1/2-1/2

[Event "4NCL/Div1/SWD1 vs. BAR2"]
[Site "Telford ENG"]
[Date "2003.03.09"]
[Round "6.1"]
[White "Cooper, John G"]
[Black "Berry, Neil"]
[Result "1/2-1/2"]
[WhiteElo "2318"]
[BlackElo "2293"]
[PlyCount "61"]
[EventDate "2003.03.09"]

1. Nf3 d5 2. d4 Nf6 3. c4 c6 4. e3 a6 5. Qc2 g6 6. Bd3 Bg7 7. O-O O-O 8. Nbd2
Bg4 9. h3 Bxf3 10. Nxf3 Nbd7 11. Bd2 Rc8 12. cxd5 cxd5 13. Qb3 Qb6 14. Qxb6
Nxb6 15. b3 Nbd7 16. Rac1 Rfe8 17. Ba5 e6 18. Bc7 Bf8 19. Rc2 Ne4 20. b4 Bd6
21. Rfc1 Ndf6 22. b5 axb5 23. Bxb5 Rf8 24. Bb6 Ra8 25. a4 Ba3 26. Ra1 Bb4 27.
Rc7 Nd6 28. Rb1 Ba5 29. Bxa5 Rxa5 30. Ne5 Rc8 31. Rxc8+ 1/2-1/2

[Event "4NCL/Div1/SWD1 vs. BAR2"]
[Site "Telford ENG"]
[Date "2003.03.09"]
[Round "6.2"]
[White "Cox, John J"]
[Black "Dineley, Richard DP"]
[Result "1-0"]
[WhiteElo "2289"]
[BlackElo "2265"]
[PlyCount "95"]
[EventDate "2003.03.09"]

1. c4 b6 2. Nc3 Bb7 3. e4 e6 4. Nf3 Bb4 5. Bd3 Ne7 6. Ne2 Ng6 7. O-O O-O 8. Ng3
Nc6 9. Bc2 Nh4 10. b3 Qf6 11. Rb1 Nxf3+ 12. Qxf3 Qxf3 13. gxf3 Bc5 14. Bb2 Nb4
15. d4 Bd6 16. Bd1 Nxa2 17. Be2 Rfd8 18. Rbd1 g6 19. e5 Be7 20. Ne4 Nb4 21. Rd2
a5 22. Nf6+ Bxf6 23. exf6 d6 24. f4 Be4 25. Bc3 Nc6 26. d5 Nb4 27. f3 Bf5 28.
Ra1 Na6 29. Kf2 Nc5 30. Bd1 Ra6 31. Bd4 Raa8 32. Rda2 Rac8 33. Kg3 Re8 34. Rd2
h5 35. Bxc5 dxc5 36. d6 Red8 37. d7 Ra8 38. Be2 Ra7 39. Rad1 c6 40. Rd6 Rc7 41.
R1d2 g5 42. h4 gxh4+ 43. Kxh4 Bg6 44. Kg5 Kh7 45. Bd3 Bxd3 46. R6xd3 b5 47. f5
exf5 48. f4 1-0

[Event "4NCL/Div1/SWD1 vs. BAR2"]
[Site "Telford ENG"]
[Date "2003.03.09"]
[Round "6.3"]
[White "Jones, Richard S"]
[Black "D'Costa, Lorin AR"]
[Result "0-1"]
[WhiteElo "2246"]
[BlackElo "2285"]
[PlyCount "74"]
[EventDate "2003.03.09"]

1. e4 c5 2. Nf3 Nc6 3. d4 cxd4 4. Nxd4 Nf6 5. Nc3 d6 6. Bg5 e6 7. Qd2 a6 8.
O-O-O Bd7 9. f4 b5 10. Nxc6 Bxc6 11. Bd3 Be7 12. e5 dxe5 13. fxe5 Nd7 14. Bxe7
Qxe7 15. Qf4 Nc5 16. Be2 b4 17. Bf3 Bxf3 18. Qxf3 Qg5+ 19. Kb1 O-O 20. Ne4 Qxe5
21. Nxc5 Qxc5 22. Rd7 Rad8 23. Qd3 Rxd7 24. Qxd7 Qf2 25. Qb7 a5 26. Rd1 Qe2 27.
Qf3 Qxf3 28. gxf3 Rc8 29. c3 bxc3 30. bxc3 Kf8 31. Kb2 Ke7 32. Kb3 Rc5 33. c4
g5 34. Kc3 h5 35. Kd4 Rf5 36. Rd3 Kd6 37. Rb3 Rf4+ 0-1

[Event "4NCL/Div1/SWD1 vs. BAR2"]
[Site "Telford ENG"]
[Date "2003.03.09"]
[Round "6.4"]
[White "Trent, Lawrence"]
[Black "Evans-Quek, Suan"]
[Result "1-0"]
[WhiteElo "2257"]
[BlackElo "2270"]
[PlyCount "79"]
[EventDate "2003.03.09"]

1. e4 d6 2. d4 g6 3. Nc3 Bg7 4. Bg5 a6 5. a4 h6 6. Be3 Nc6 7. Qd2 e5 8. Nge2
Nf6 9. d5 Ne7 10. f3 c6 11. a5 cxd5 12. Bb6 Qd7 13. exd5 h5 14. Ng3 Bh6 15. Qd3
O-O 16. Be2 Kg7 17. Nge4 Nh7 18. O-O Nf5 19. Ra4 Kh8 20. Rc4 Qe7 21. Rc7 Bd7
22. Rxb7 Bb5 23. Rxe7 Bxd3 24. Rd7 Bxc2 25. Nxd6 Nf6 26. Nxf7+ Kg7 27. Nxe5+
Nxd7 28. Nxd7 Rfe8 29. f4 Re7 30. Nc5 Nd6 31. Ne6+ Kg8 32. Bc5 Rd7 33. g3 Ne4
34. Nxe4 Bxe4 35. d6 Bg7 36. Bc4 Kh7 37. Ng5+ Kh8 38. Nxe4 Rc8 39. b4 Re8 40.
Bd5 1-0

[Event "4NCL/Div1/SWD1 vs. BAR2"]
[Site "Telford ENG"]
[Date "2003.03.09"]
[Round "6.5"]
[White "James, David J"]
[Black "Hodgson, John H"]
[Result "1-0"]
[WhiteElo "2253"]
[BlackElo "2202"]
[PlyCount "77"]
[EventDate "2003.03.09"]

1. Nf3 Nf6 2. c4 g6 3. Nc3 d5 4. e3 Bg7 5. Qb3 dxc4 6. Bxc4 O-O 7. Ne5 e6 8. d4
Ne8 9. O-O Nd6 10. Be2 Nd7 11. f4 c6 12. Bd2 Nb6 13. Bf3 Nd5 14. e4 Nxc3 15.
bxc3 Kh8 16. Nd3 b6 17. Rfd1 Bb7 18. Be3 Qc7 19. e5 Nf5 20. Bf2 h5 21. Rac1
Rfd8 22. Ne1 Rac8 23. c4 Qb8 24. Be4 Bh6 25. Qf3 Rd7 26. h3 Qa8 27. g4 Ne7 28.
gxh5 Rg8 29. Kh2 c5 30. d5 exd5 31. cxd5 Nxd5 32. Bg3 Rdd8 33. hxg6 fxg6 34.
Rc2 Bc6 35. Rcd2 Ne7 36. Rxd8 Rxd8 37. Bxc6 Nxc6 38. Rxd8+ Qxd8 39. Qxc6 1-0

[Event "4NCL/Div1/SWD1 vs. BAR2"]
[Site "Telford ENG"]
[Date "2003.03.09"]
[Round "6.6"]
[White "Twyble, Michael S"]
[Black "Zeidler, Sven P"]
[Result "1/2-1/2"]
[WhiteElo "2238"]
[BlackElo "2265"]
[PlyCount "55"]
[EventDate "2003.03.09"]

1. e4 d5 2. exd5 Qxd5 3. Nc3 Qd6 4. Bc4 Nf6 5. d3 a6 6. Nf3 b5 7. Bb3 Bb7 8.
Qe2 e6 9. Bg5 Nbd7 10. d4 Be7 11. O-O-O h6 12. Bxf6 Nxf6 13. d5 Nxd5 14. Nxd5
Bxd5 15. Bxd5 exd5 16. Rhe1 Kf8 17. Rd3 Bf6 18. Kb1 g6 19. Nd2 c6 20. Ne4 Qe5
21. Nxf6 Qxf6 22. Rf3 Qd6 23. Qe6 Qxe6 24. Rxe6 Kg7 25. Rxc6 Rhe8 26. b3 Re6
27. Rc7 Rf6 28. Rxf6 1/2-1/2

[Event "4NCL/Div1/SWD1 vs. BAR2"]
[Site "Telford ENG"]
[Date "2003.03.09"]
[Round "6.7"]
[White "Richmond, Peter A"]
[Black "Taylor, Peter"]
[Result "1/2-1/2"]
[WhiteElo "2254"]
[BlackElo "2226"]
[PlyCount "138"]
[EventDate "2003.03.09"]

1. e4 c6 2. Ne2 d5 3. e5 c5 4. d4 Nc6 5. f4 Bg4 6. dxc5 e6 7. Be3 d4 8. Bf2
Bxc5 9. Nd2 Qa5 10. h3 Bh5 11. g4 Bg6 12. Ng3 Nge7 13. Bg2 d3 14. Bxc6+ bxc6
15. O-O dxc2 16. Qe2 Rd8 17. Nde4 Bxe4 18. Nxe4 Bxf2+ 19. Qxf2 Qb6 20. Nd6+ Kf8
21. f5 exf5 22. gxf5 f6 23. exf6 Qxf2+ 24. Rxf2 gxf6 25. Ne4 Rd1+ 26. Rf1 Rxa1
27. Rxa1 Nxf5 28. Rc1 Nd4 29. Kf2 f5 30. Ke3 Ne6 31. Nf2 Rg8 32. Rxc2 Rg3+ 33.
Kd2 Rg2 34. Ke1 c5 35. Rc4 Rg7 36. Nd3 Rc7 37. Kf2 Ke7 38. Ke3 Kd6 39. b3 Rg7
40. Nf4 Ng5 41. Ra4 Re7+ 42. Kd2 Ne4+ 43. Kc2 Ke5 44. Nd3+ Kf6 45. h4 Ke6 46.
Ra6+ Kd5 47. Nf4+ Ke5 48. Nd3+ Kd4 49. Nf4 Rd7 50. Re6 Ke3 51. Nh5 Kf3 52. a4
Rd2+ 53. Kc1 Rh2 54. Ng7 Ng3 55. Re5 f4 56. Ne6 Ne2+ 57. Kd1 Nc3+ 58. Kc1 Ne4
59. h5 Nf6 60. Rxc5 Nxh5 61. Rc7 Kg3 62. Rxa7 f3 63. Ng5 h6 64. Ne4+ Kf4 65.
Nd2 Rh1+ 66. Kc2 f2 67. Rf7+ Ke3 68. Re7+ Kd4 69. Rf7 Ke3 1/2-1/2

[Event "4NCL/Div1/SWD1 vs. BAR2"]
[Site "Telford ENG"]
[Date "2003.03.09"]
[Round "6.8"]
[White "Kieran, Rosalind"]
[Black "Cast, Abigail"]
[Result "1/2-1/2"]
[WhiteElo "2087"]
[BlackElo "2114"]
[PlyCount "79"]
[EventDate "2003.03.09"]

1. e4 e6 2. d4 d5 3. e5 c5 4. c3 Nc6 5. Nf3 Qb6 6. Be2 Bd7 7. O-O cxd4 8. cxd4
Nge7 9. Na3 Nf5 10. Nc2 Rc8 11. Bd3 Nfe7 12. Rb1 Na5 13. Qe2 a6 14. Bd2 Bb5 15.
Rfc1 Bxd3 16. Qxd3 Nc4 17. Bc3 Nc6 18. Ne3 Nxe3 19. Qxe3 Be7 20. Nd2 h6 21. Rf1
g6 22. b4 Qc7 23. Rb3 b6 24. Rfb1 b5 25. a3 h5 26. Bb2 O-O 27. Qh6 Rfe8 28. Rg3
Bh4 29. Rh3 Be7 30. Nf3 Bf8 31. Qg5 Bg7 32. Bc1 Ne7 33. Qd2 Qc2 34. Qxc2 Rxc2
35. Ne1 Rc4 36. Bb2 Nf5 37. Rd3 Rec8 38. Kf1 Bh6 39. Rdd1 R8c6 40. Ke2 1/2-1/2

[Event "4NCL/Div1/AD1 vs. BAR1"]
[Site "Telford ENG"]
[Date "2003.03.09"]
[Round "6.1"]
[White "Chandler, Murray G"]
[Black "Parker, Jonathan"]
[Result "1-0"]
[WhiteElo "2517"]
[BlackElo "2545"]
[PlyCount "77"]
[EventDate "2003.03.09"]

1. e4 e5 2. Nf3 Nc6 3. Bb5 Nf6 4. O-O Be7 5. Re1 d6 6. Bxc6+ bxc6 7. d4 exd4 8.
Nxd4 Bd7 9. c4 O-O 10. Nc3 Re8 11. h3 Qb8 12. b3 d5 13. exd5 cxd5 14. cxd5 Bb4
15. Rxe8+ Qxe8 16. Nde2 Bd6 17. Qd3 h6 18. Be3 a5 19. Bd4 Be5 20. Qe3 Bxd4 21.
Qxe8+ Rxe8 22. Nxd4 g5 23. Rd1 Kg7 24. Nc2 Ne4 25. Nxe4 Rxe4 26. Ne3 Rb4 27.
Rc1 Rb7 28. Rc5 a4 29. b4 Kf8 30. a3 Ke7 31. Kf1 f5 32. Ke2 Bb5+ 33. Ke1 Kf6
34. Nxf5 Kxf5 35. d6+ Ke4 36. Rxb5 Rxb5 37. dxc7 Re5 38. c8=Q Kd3+ 39. Kd1 1-0

[Event "4NCL/Div1/AD1 vs. BAR1"]
[Site "Telford ENG"]
[Date "2003.03.09"]
[Round "6.2"]
[White "Collinson, Adam"]
[Black "Mestel, A Jonathan"]
[Result "1/2-1/2"]
[WhiteElo "2390"]
[BlackElo "2494"]
[PlyCount "96"]
[EventDate "2003.03.09"]

1. e4 c5 2. c3 Nf6 3. e5 Nd5 4. d4 cxd4 5. Qxd4 e6 6. Nf3 Nc6 7. Qe4 d6 8. Nbd2
dxe5 9. Nxe5 Nxe5 10. Qxe5 Bd7 11. Bc4 Nb6 12. Be2 Bc6 13. Nf3 Qd5 14. O-O
O-O-O 15. Bf4 Bd6 16. Qxd5 Nxd5 17. Bg3 Nf4 18. Bxf4 Bxf4 19. Nd4 Be4 20. Rfd1
Rd7 21. g3 Bb8 22. Rd2 a6 23. Rad1 Rhd8 24. Nb3 Ba7 25. Rxd7 Rxd7 26. Rxd7 Kxd7
27. Nd2 Bd5 28. Bf3 Kd6 29. Bxd5 Kxd5 30. Kf1 e5 31. Ke2 f5 32. f3 e4 33. fxe4+
fxe4 34. Nf1 h5 35. Ne3+ Ke6 36. Ng2 Kf5 37. h3 g5 38. Ne3+ Ke6 39. g4 h4 40.
Ng2 Ke5 41. a4 a5 42. Kd2 Bc5 43. Ke2 Bd6 44. Kd2 Bf8 45. Ke2 Bd6 46. Kd2 Kd5
47. Ne3+ Kc5 48. b3 Bf4 1/2-1/2

[Event "4NCL/Div1/AD1 vs. BAR1"]
[Site "Telford ENG"]
[Date "2003.03.09"]
[Round "6.3"]
[White "Hennigan, Michael T"]
[Black "Webster, Andrew"]
[Result "0-1"]
[WhiteElo "2434"]
[BlackElo "2415"]
[PlyCount "71"]
[EventDate "2003.03.09"]

1. Nf3 d5 2. g3 Bg4 3. Bg2 Nd7 4. O-O c6 5. d3 Ngf6 6. Nc3 e5 7. e4 dxe4 8.
dxe4 Bb4 9. Qe1 Bxc3 10. Qxc3 Nxe4 11. Qb4 Bxf3 12. Bxf3 Nec5 13. Bg4 Qc7 14.
Be3 b6 15. Bxd7+ Nxd7 16. Qg4 g6 17. Bg5 h6 18. Qh4 Qd6 19. Rad1 Qe6 20. Rd2 f6
21. Be3 e4 22. Rfd1 O-O-O 23. Bd4 h5 24. Qf4 g5 25. Qe3 h4 26. Qa3 Nb8 27. Qxa7
c5 28. Be3 Rxd2 29. Rxd2 h3 30. Qg7 Rd8 31. Rxd8+ Kxd8 32. b3 Nd7 33. Qh8+ Kc7
34. Kf1 Qg4 35. Ke1 Ne5 36. Qxf6 0-1

[Event "4NCL/Div1/AD1 vs. BAR1"]
[Site "Telford ENG"]
[Date "2003.03.09"]
[Round "6.4"]
[White "Knott, Simon"]
[Black "Cooper, Lawrence"]
[Result "1/2-1/2"]
[WhiteElo "2401"]
[BlackElo "2353"]
[PlyCount "60"]
[EventDate "2003.03.09"]

1. Nf3 d5 2. d4 Nf6 3. c4 c6 4. Nc3 a6 5. c5 Bf5 6. Bf4 Nbd7 7. e3 e6 8. Bd3
Be7 9. O-O O-O 10. h3 b6 11. Bxf5 exf5 12. cxb6 Qxb6 13. Na4 Qb5 14. Rc1 Ne4
15. b3 Ba3 16. Rc2 f6 17. Ne1 Rfe8 18. Nd3 a5 19. f3 Ng5 20. Ndc5 Nxc5 21. dxc5
Ne6 22. Bd6 Rad8 23. Re1 Rxd6 24. cxd6 Bxd6 25. f4 Qb7 26. g3 Bb4 27. Ree2 Rd8
28. Qd3 g6 29. Kh2 Kg7 30. h4 h5 1/2-1/2

[Event "4NCL/Div1/AD1 vs. BAR1"]
[Site "Telford ENG"]
[Date "2003.03.09"]
[Round "6.5"]
[White "Richardson, John R"]
[Black "Palliser, Richard"]
[Result "1/2-1/2"]
[WhiteElo "2312"]
[BlackElo "2455"]
[PlyCount "72"]
[EventDate "2003.03.09"]

1. d4 Nf6 2. c4 Nc6 3. Nf3 e6 4. d5 exd5 5. cxd5 Bb4+ 6. Nc3 Ne7 7. e4 Nxe4 8.
Qd4 Bxc3+ 9. bxc3 Nf6 10. d6 cxd6 11. Bd3 Nc6 12. Qxd6 Qe7+ 13. Qxe7+ Kxe7 14.
Ba3+ d6 15. O-O-O Be6 16. Rhe1 Kd7 17. Bb5 Ne8 18. Ne5+ Kc7 19. Bxc6 dxe5 20.
Ba4 Rc8 21. Kb2 Kb8 22. Bd7 Bxd7 23. Rxd7 f6 24. f4 exf4 25. Ree7 Ka8 26. Kc2
Rb8 27. c4 f5 28. Rd5 Nf6 29. Rxf5 Rbc8 30. Kb3 Rhd8 31. Rxf4 Rd3+ 32. Kb2 Rd2+
33. Kb3 Rxg2 34. Rf7 Rxh2 35. Rxg7 Rh3+ 36. Kb2 Rh2+ 1/2-1/2

[Event "4NCL/Div1/AD1 vs. BAR1"]
[Site "Telford ENG"]
[Date "2003.03.09"]
[Round "6.6"]
[White "Rogers, Jonathan W"]
[Black "Ghasi, Ameet K"]
[Result "1/2-1/2"]
[WhiteElo "2346"]
[BlackElo "2298"]
[PlyCount "75"]
[EventDate "2003.03.09"]

1. e4 c5 2. c3 Nf6 3. e5 Nd5 4. Nf3 Nc6 5. Bc4 Nb6 6. Be2 d5 7. d4 cxd4 8. cxd4
Bg4 9. Bg5 Qd7 10. O-O h6 11. Be3 e6 12. Nbd2 Rc8 13. Ne1 Bxe2 14. Qxe2 Nc4 15.
Nd3 Bb4 16. Nxc4 dxc4 17. Nf4 Nxd4 18. Qg4 Nf5 19. Nh5 Kf8 20. Rac1 b5 21. Rfd1
Qc7 22. b3 Be7 23. bxc4 bxc4 24. Qe4 Kg8 25. Rc2 g6 26. Nf6+ Bxf6 27. exf6 Nxe3
28. fxe3 Kh7 29. Rdc1 c3 {(=)} 30. Rxc3 Qxc3 31. Rxc3 Rxc3 32. Qb7 Rf8 33. Qxa7
Rcc8 34. h4 Ra8 35. Qe7 Kg8 36. a3 Ra4 37. g3 Rfa8 38. Kf2 1/2-1/2

[Event "4NCL/Div1/AD1 vs. BAR1"]
[Site "Telford ENG"]
[Date "2003.03.09"]
[Round "6.7"]
[White "Moskovic, David M"]
[Black "Dishman, Stephen"]
[Result "0-1"]
[WhiteElo "2251"]
[BlackElo "2296"]
[PlyCount "84"]
[EventDate "2003.03.09"]

1. e4 c5 2. Nf3 Nc6 3. d4 cxd4 4. Nxd4 g6 5. c4 Bg7 6. Be3 Nf6 7. Nc3 O-O 8.
Be2 d6 9. O-O Bd7 10. Qd2 Nxd4 11. Bxd4 Bc6 12. f3 Nd7 13. Be3 a5 14. b3 Nc5
15. Rab1 Qb6 16. Rfc1 Rfc8 17. Rc2 Qd8 18. Nd1 Qe8 19. Nf2 b5 20. Ng4 b4 21.
Nh6+ Kh8 22. h4 Qf8 23. h5 Rcb8 24. e5 Bxe5 25. Ng4 Ne6 26. Nxe5 dxe5 27. h6
Rd8 28. Qc1 f6 29. a3 Nd4 30. Rd2 e6 31. c5 Nf5 32. Rxd8 Rxd8 33. axb4 axb4 34.
Bc4 Nxe3 35. Qxe3 Rd4 36. Bxe6 Qxc5 37. Qf2 Qd6 38. Bc4 g5 39. Rc1 Qf8 40. Ba6
Bd7 41. Qa2 Qxh6 42. Bc8 g4 0-1

[Event "4NCL/Div1/AD1 vs. BAR1"]
[Site "Telford ENG"]
[Date "2003.03.09"]
[Round "6.8"]
[White "Bhatia, Kanwal K"]
[Black "Bellin, Jana"]
[Result "1-0"]
[WhiteElo "2047"]
[BlackElo "2203"]
[PlyCount "91"]
[EventDate "2003.03.09"]

1. e4 c5 2. c3 e6 3. d4 d5 4. exd5 exd5 5. Be3 c4 6. b3 cxb3 7. axb3 Bd6 8. Bd3
Nf6 9. h3 O-O 10. Qf3 Qe7 11. Nd2 Re8 12. Ne2 Ne4 13. O-O Bd7 14. c4 Bc6 15. c5
Bc7 16. b4 b5 17. Nb3 Bd7 18. Bf4 Qd8 19. Bxc7 Qxc7 20. Nf4 Bc6 21. Qg4 Nd7 22.
Nh5 g6 23. f3 Nef6 24. Qf4 Qxf4 25. Nxf4 g5 26. Na5 gxf4 27. Nxc6 a6 28. Rfe1
Rxe1+ 29. Rxe1 Nb8 30. Ne7+ Kf8 31. Nxd5 Nxd5 32. Be4 Nc7 33. Bxa8 Nxa8 34. d5
Nc7 35. Re5 Nd7 36. d6 Ne6 37. Re1 Nd4 38. Re7 Nf6 39. Ra7 Nc6 40. Rxa6 Nxb4
41. Ra8+ Kg7 42. Rb8 Nc6 43. Rc8 Ne5 44. c6 b4 45. c7 b3 46. Rb8 1-0

[Event "4NCL/Div1/WGR1 vs. BRI1"]
[Site "Telford ENG"]
[Date "2003.03.09"]
[Round "6.1"]
[White "Baburin, Alexander"]
[Black "Ansell, Simon"]
[Result "1/2-1/2"]
[WhiteElo "2558"]
[BlackElo "2398"]
[PlyCount "118"]
[EventDate "2003.03.09"]

1. d4 d5 2. c4 c6 3. e3 Bf5 4. cxd5 cxd5 5. Qb3 Qc7 6. Bd2 Nf6 7. Nf3 e6 8.
Bb5+ Nc6 9. O-O Bd6 10. Bxc6+ bxc6 11. Bb4 O-O 12. Nbd2 Nd7 13. Rfc1 Rfc8 14.
Qa3 Bxb4 15. Qxb4 Rab8 16. Qa3 Qb6 17. Nb3 Bg4 18. Qd6 Qc7 19. Qxc7 Rxc7 20.
Nfd2 c5 21. f3 Bh5 22. Nxc5 Nxc5 23. Rxc5 Rxc5 24. dxc5 Rxb2 25. Rc1 Rb8 26. e4
dxe4 27. Nxe4 Kf8 28. c6 Ke7 29. Rd1 Rc8 30. Rd7+ Kf8 31. c7 Ke8 32. Nc5 Bg6
33. Kf2 Bb1 34. Ke3 e5 35. g4 Bxa2 36. Rd2 Be6 37. Nxe6 fxe6 38. Ra2 Rxc7 39.
Ke4 Ke7 40. Ra6 Kf6 41. h4 Rc4+ 42. Ke3 h5 43. gxh5 Rxh4 44. Rxa7 Rxh5 45. Ra8
Rh4 46. Rf8+ Ke7 47. Ra8 Rb4 48. Rg8 Kf7 49. Ra8 g5 50. Rc8 e4 51. fxe4 Kf6 52.
Rg8 Rb3+ 53. Kf2 Rb7 54. Kf3 Rh7 55. Kg4 Rh1 56. Kf3 Rf1+ 57. Ke3 Rb1 58. Kf3
Rb3+ 59. Kf2 Ke5 1/2-1/2

[Event "4NCL/Div1/WGR1 vs. BRI1"]
[Site "Telford ENG"]
[Date "2003.03.09"]
[Round "6.2"]
[White "Cobb, Charles"]
[Black "Lalic, Bogdan"]
[Result "1/2-1/2"]
[WhiteElo "2331"]
[BlackElo "2547"]
[PlyCount "36"]
[EventDate "2003.03.09"]

1. c4 g6 2. d4 Bg7 3. e4 d6 4. Nf3 Nf6 5. Nc3 O-O 6. Be2 e5 7. dxe5 dxe5 8.
Qxd8 Rxd8 9. Bg5 Re8 10. Nd5 Nxd5 11. cxd5 c6 12. Bc4 b5 13. Bb3 a5 14. a4 bxa4
15. Bxa4 Bd7 16. dxc6 Bxc6 17. O-O Bxa4 18. Rxa4 Nc6 1/2-1/2

[Event "4NCL/Div1/WGR1 vs. BRI1"]
[Site "Telford ENG"]
[Date "2003.03.09"]
[Round "6.3"]
[White "Emms, John M"]
[Black "Beaumont, Chris"]
[Result "1-0"]
[WhiteElo "2515"]
[BlackElo "2328"]
[PlyCount "57"]
[EventDate "2003.03.09"]

1. e4 g6 2. d4 Bg7 3. Nf3 d6 4. Nc3 c6 5. Be3 b5 6. Bd3 Nd7 7. Qd2 Qc7 8. O-O
Ngf6 9. Bh6 O-O 10. Ne2 c5 11. c3 a5 12. Ng3 b4 13. Rfe1 e5 14. Bxg7 Kxg7 15.
Qg5 bxc3 16. bxc3 Ng8 17. dxe5 Nxe5 18. Nxe5 dxe5 19. Nf5+ Bxf5 20. exf5 c4 21.
Bc2 Rfe8 22. Re3 Rab8 23. Re2 Rb2 24. fxg6 hxg6 25. Bxg6 Rxe2 26. Bh5+ Kf8 27.
Bxe2 Rb8 28. Rd1 Ne7 29. h4 1-0

[Event "4NCL/Div1/WGR1 vs. BRI1"]
[Site "Telford ENG"]
[Date "2003.03.09"]
[Round "6.4"]
[White "Sherwin, James T"]
[Black "Turner, Matthew J"]
[Result "1/2-1/2"]
[WhiteElo "2323"]
[BlackElo "2519"]
[PlyCount "34"]
[EventDate "2003.03.09"]

1. d4 d5 2. c4 c6 3. Nf3 Nf6 4. e3 Bg4 5. h3 Bxf3 6. Qxf3 e6 7. Nc3 Bb4 8. Bd3
dxc4 9. Bxc4 Nbd7 10. O-O O-O 11. Rd1 Qe7 12. a3 Bd6 13. e4 e5 14. d5 h6 15.
dxc6 bxc6 16. Be3 Bc5 17. Rac1 Bxe3 1/2-1/2

[Event "4NCL/Div1/WGR1 vs. BRI1"]
[Site "Telford ENG"]
[Date "2003.03.09"]
[Round "6.5"]
[White "Ward, Christopher"]
[Black "Buckley, Simon T"]
[Result "1-0"]
[WhiteElo "2513"]
[BlackElo "2266"]
[PlyCount "93"]
[EventDate "2003.03.09"]

1. d4 g6 2. e4 Bg7 3. c4 d6 4. Nc3 c6 5. Be3 a6 6. f4 b5 7. Nf3 Nf6 8. e5 Ng4
9. Bg1 O-O 10. Qb3 Ra7 11. h3 Nh6 12. g4 Rb7 13. O-O-O bxc4 14. Qxc4 Be6 15.
Qa4 f6 16. exf6 exf6 17. d5 Bd7 18. f5 c5 19. Qc2 gxf5 20. Bd3 Qc8 21. Nh4 c4
22. Bxf5 Nxf5 23. Nxf5 Bxf5 24. Qxf5 Nd7 25. Bd4 Ne5 26. Qxc8 Rxc8 27. Bxe5
Bh6+ 28. Kc2 fxe5 29. Ne4 Rcb8 30. Rb1 Rb5 31. Nxd6 Rxd5 32. Rbd1 Ra5 33. a3 c3
{(=)} 34. Nc4 Rc5 35. Kxc3 e4 36. b4 Rc7 37. Rhe1 e3 38. Kb3 Rf8 39. Re2 Rf3
40. Rd8+ Kg7 41. Nd6 Rf2 42. Rxe3 Bxe3 43. Ne8+ Kg6 44. Nxc7 Bc1 45. Rd3 Rf6
46. Nd5 Rf8 47. h4 1-0

[Event "4NCL/Div1/WGR1 vs. BRI1"]
[Site "Telford ENG"]
[Date "2003.03.09"]
[Round "6.6"]
[White "Collier, David O"]
[Black "Martin, Andrew D"]
[Result "0-1"]
[WhiteElo "2273"]
[BlackElo "2426"]
[PlyCount "90"]
[EventDate "2003.03.09"]

1. d4 Nf6 2. Bg5 e6 3. Nf3 h6 4. Bxf6 Qxf6 5. e3 d6 6. Nbd2 g6 7. Bd3 Bg7 8.
O-O O-O 9. e4 Nd7 10. Qe2 e5 11. d5 Qe7 12. c4 a5 13. b3 f5 14. Rac1 Nc5 15.
Ne1 Bf6 16. Rc3 Bg5 17. Bb1 Bxd2 18. Qxd2 f4 19. a3 g5 20. b4 axb4 21. axb4 Nd7
22. f3 Nf6 23. c5 g4 24. Bd3 Kh8 25. cxd6 cxd6 26. Bb5 gxf3 27. gxf3 Bh3 28.
Rf2 Rg8+ 29. Ng2 Qd8 30. Bf1 Qb6 31. Rc1 Rg6 32. Kh1 Rag8 33. Rc2 Nh7 34. Qc3
R6g7 35. Qc4 Ng5 36. Qa2 Qxb4 37. Rb2 Qc3 38. Rbc2 Qd4 39. Rcd2 Qb6 40. Rb2 Qd8
41. Qa7 Bc8 42. Qa3 Nh3 43. Rfe2 Rc7 44. Rbc2 Rxc2 45. Rxc2 Qb6 0-1

[Event "4NCL/Div1/WGR1 vs. BRI1"]
[Site "Telford ENG"]
[Date "2003.03.09"]
[Round "6.7"]
[White "Hunt, Harriet"]
[Black "Headlong, Timothy"]
[Result "1-0"]
[WhiteElo "2389"]
[BlackElo "2208"]
[PlyCount "95"]
[EventDate "2003.03.09"]

1. e4 c5 2. Nf3 Nc6 3. Bb5 g6 4. Bxc6 dxc6 5. d3 Bg7 6. h3 e5 7. Be3 Qe7 8. Qd2
Nf6 9. Bh6 O-O 10. Nc3 Re8 11. O-O b6 12. a3 a5 13. Nh2 Nh5 14. Ne2 Bxh6 15.
Qxh6 Qf6 16. Nf3 a4 17. Nd2 Be6 18. Rab1 Red8 19. g4 Nf4 20. Nxf4 Qxf4 21. Qxf4
exf4 22. Kg2 c4 23. Nxc4 Bxc4 24. dxc4 Rd2 25. Rfc1 g5 26. Kf3 Kg7 27. h4 h6
28. h5 c5 29. b3 axb3 30. Rxb3 Ra4 31. Rd3 Rxd3+ 32. cxd3 Kf6 33. Rb1 Ra6 34.
Rb3 Ke5 35. Ke2 Kd4 36. f3 f6 37. Kd2 Ra4 38. Rxb6 Rxa3 39. Rd6+ Ke5 40. Rd5+
Ke6 41. Rxc5 Ra2+ 42. Kc3 Rf2 43. Rf5 Rxf3 44. c5 Rf1 45. Kc4 f3 46. Kd4 Rg1
47. Ke3 Rxg4 48. c6 1-0